00341nam a2200145Ia 4500008004100000082001600041100001500057245002400072250000800096260002500104300001100129500002400140650001500164700001600179230524s9999 xx 000 0 und d a658.12bPAN aPete Pande 0aWhat is Six Sigma ? aIST aNEW DELHIbTMHc2010 aVII;87 aQuantity Number: 2 aManagement aLarry Holpp